| 000 | 00557nam a2200193Ia 4500 | ||
|---|---|---|---|
| 003 | GCL | ||
| 008 | 140319s9999 xx 000 0 ara d | ||
| 040 |
_aGCL / _cGCL |
||
| 082 | 0 | 4 |
_a818 _bب م |
| 100 | 1 | _aبسام حجار | |
| 245 | 1 | 0 |
_aمعجم الاشواق / _cبسام حجار |
| 260 |
_a[S.N] : _bالمركز الثقافى العربى ، _c1994 |
||
| 300 | _a119 ص | ||
| 490 | _a | ||
| 650 | 0 | 4 | _aالادب العربى |
| 650 | 0 | 4 | _aالرسائل العربية |
| 650 | 0 | 4 | _aالادب العربى العاطفى |
| 942 |
_2ddc _cBK |
||
| 999 |
_c34158 _d34158 |
||